Star Wars Planets - II - Statistics

General Stats
  • This quiz has been taken 83 times
  • The average score is 61 of 221
Answer Stats
Series Number Answer % Correct
Star Wars: The Clone Wars 5 Tatooine
93%
Kenobi 2 Tatooine
93%
Star Wars: Rebels 28 Tatooine
93%
The Mandalorian 6 Tatooine
93%
The Book of Boba Fett 1 Tatooine
93%
Tales of the Jedi 3 Coruscant
91%
Star Wars: The Clone Wars 6 Coruscant
91%
Star Wars: The Bad Batch 19 Coruscant
91%
Andor 4 Coruscant
91%
Kenobi 1 Coruscant
91%
Star Wars: Rebels 35 Coruscant
91%
The Mandalorian 17 Coruscant
91%
The Book of Boba Fett 8 Coruscant
91%
Star Wars: Ahsoka 9 Coruscant
91%
Tales of the Jedi 4 Naboo
84%
Star Wars: The Clone Wars 18 Naboo
84%
Kenobi 4 Naboo
84%
Star Wars: The Clone Wars 23 Mustafar
74%
Kenobi 3 Mustafar
74%
Star Wars: Rebels 7 Mustafar
74%
Star Wars: The Clone Wars 9 Kamino
72%
Star Wars: The Bad Batch 4 Kamino
72%
The Book of Boba Fett 2 Kamino
72%
Star Wars: The Clone Wars 29 Mandalore
70%
Star Wars: Rebels 32 Mandalore
70%
The Mandalorian 16 Mandalore
70%
The Book of Boba Fett 5 Mandalore
70%
Star Wars: Ahsoka 7 Mandalore
70%
Star Wars: The Clone Wars 34 Alderaan
63%
Kenobi 7 Alderaan
63%
Star Wars: Rebels 1 Lothal
63%
Star Wars: Ahsoka 2 Lothal
63%
Star Wars: The Clone Wars 25 Geonosis
61%
Kenobi 5 Geonosis
61%
Star Wars: Rebels 15 Geonosis
61%
The Book of Boba Fett 3 Geonosis
61%
Star Wars: Rebels 33 Yavin IV
58%
Star Wars: The Clone Wars 21 Ryloth
54%
Star Wars: The Bad Batch 14 Ryloth
54%
Star Wars: Rebels 14 Ryloth
54%
Star Wars: Ahsoka 6 Ryloth
54%
Star Wars: The Clone Wars 17 Christophsis
53%
Star Wars: The Clone Wars 26 Felucia
53%
Star Wars: The Clone Wars 39 Dathomir
47%
Star Wars: Rebels 27 Dathomir
47%
Star Wars: Ahsoka 10 Dathomir
47%
Star Wars: The Clone Wars 45 Mon Cala
46%
Star Wars: The Clone Wars 70 Dagobah
44%
Star Wars: Rebels 18 Dagobah
44%
Star Wars: The Clone Wars 24 Cato Neimoidia
40%
Star Wars: The Clone Wars 27 Saleucami
40%
Star Wars: The Bad Batch 6 Saleucami
40%
Star Wars: The Clone Wars 49 Umbara
40%
Star Wars: Rebels 30 Dantooine
39%
Star Wars: Resistance 11 Dantooine
39%
Star Wars: The Clone Wars 61 Ilum
37%
Star Wars: Resistance 2 Ilum
37%
Star Wars: The Clone Wars 75 Kessel
37%
Star Wars: Rebels 2 Kessel
37%
Star Wars: The Clone Wars 35 Nal Hutta
37%
Tales of the Jedi 2 Raxus Secundus
37%
Star Wars: The Clone Wars 36 Raxus Secundus
37%
Star Wars: The Bad Batch 13 Raxus Secundus
37%
Star Wars: The Clone Wars 4 Teth
37%
Star Wars: The Bad Batch 32 Teth
37%
Star Wars: Ahsoka 5 Teth
37%
Star Wars: The Bad Batch 10 Corellia
35%
Star Wars: Ahsoka 4 Corellia
35%
Star Wars: The Clone Wars 31 Malastare
35%
Star Wars: The Clone Wars 59 Onderon
33%
Star Wars: The Bad Batch 5 Onderon
33%
Star Wars: The Clone Wars 1 Rodia
33%
Tales of the Jedi 1 Shili
32%
Star Wars: The Clone Wars 60 Shili
32%
Star Wars: The Clone Wars 32 Toydaria
32%
Star Wars: The Clone Wars 13 Florrum
30%
Star Wars: Resistance 4 Hosnian Prime
30%
Star Wars: The Clone Wars 57 Lotho Minor
28%
Star Wars: The Clone Wars 41 Mortis
28%
Star Wars: The Clone Wars 69 Oba Diah
28%
Star Wars: The Clone Wars 43 Trandosha
28%
Star Wars: The Clone Wars 51 Zygerria
28%
Andor 5 Aldhani
26%
Star Wars: Resistance 5 D'Qar
26%
Andor 2 Ferrix
26%
Star Wars: Rebels 20 Malachor
26%
Andor 8 Narkina 5
26%
Star Wars: The Clone Wars 74 Skako Minor
26%
Kenobi 11 Jabiim
25%
The Mandalorian 2 Nevarro
25%
Star Wars: The Clone Wars 33 Pantora
25%
Star Wars: The Bad Batch 8 Pantora
25%
Star Wars: Rebels 12 Concord Dawn
23%
Star Wars: The Clone Wars 42 Lola Sayu
23%
Star Wars: The Clone Wars 72 Moraband
23%
Andor 1 Morlana 1
21%
Star Wars: The Bad Batch 9 Ord Mantell
21%
Star Wars: The Clone Wars 10 Rishi Moon
21%
Star Wars: The Clone Wars 38 Serenno
21%
Star Wars: The Bad Batch 18 Serenno
21%
Star Wars: The Bad Batch 16 Weyland
21%
Star Wars: The Clone Wars 73 Anaxes
19%
Star Wars: The Bad Batch 1 Anaxes
19%
Star Wars: The Clone Wars 19 Iego
19%
Kenobi 10 Nur
19%
Star Wars: Rebels 5 PM-1203
19%
Andor 10 Scarif
19%
Star Wars: The Clone Wars 66 Scipio
19%
Star Wars: Rebels 19 Atollon
18%
Kenobi 8 Daiyu
18%
Star Wars: The Bad Batch 28 Eriadu
18%
Andor 7 Niamos
18%
Star Wars: The Clone Wars 16 Orto Plutonia
18%
Star Wars: The Bad Batch 26 Pabu
18%
Star Wars: The Clone Wars 37 Sullust
18%
Star Wars: The Clone Wars 77 Yerbana
18%
Star Wars: The Bad Batch 2 Yerbana
18%
Star Wars: The Clone Wars 52 Kadavo
16%
Star Wars: The Clone Wars 76 Kaller
16%
Star Wars: The Bad Batch 3 Kaller
16%
Star Wars: Rebels 4 Stygeon Prime
16%
Star Wars: The Clone Wars 62 Abafar
14%
Star Wars: The Clone Wars 53 Carlac
14%
Star Wars: The Clone Wars 30 Concordia
14%
The Mandalorian 15 Concordia
14%
The Book of Boba Fett 6 Concordia
14%
The Mandalorian 14 Kalevala
14%
Andor 3 Kenari
14%
Kenobi 9 Mapuzo
14%
Star Wars: Ahsoka 8 Peridea
14%
Star Wars: The Clone Wars 58 Raydonia
14%
The Mandalorian 4 Arvala-7
12%
The Mandalorian 9 Corvus
12%
Star Wars: The Clone Wars 22 Devaron
12%
Star Wars: The Bad Batch 29 Devaron
12%
Star Wars: Rebels 3 Garel
12%
Kenobi 6 Polis Massa
12%
Star Wars: The Clone Wars 7 Rugosa
12%
Star Wars: The Bad Batch 11 Bracca
11%
Star Wars: The Clone Wars 28 Glee Anselm
11%
Star Wars: Rebels 13 Lira San
11%
Star Wars: The Clone Wars 65 Ringo Vinda
11%
Star Wars: The Clone Wars 71 The Wellspring of Life
11%
The Mandalorian 10 Tython
11%
Star Wars: The Clone Wars 46 Aleen
9%
Star Wars: The Clone Wars 48 Balnab
9%
The Book of Boba Fett 7 Ossus
9%
Star Wars: The Clone Wars 14 Quell
9%
Star Wars: Ahsoka 3 Seatos
9%
Star Wars: Rebels 6 Seelos
9%
The Mandalorian 8 Trask
9%
Star Wars: The Clone Wars 12 Vanqor
9%
Star Wars: Rebels 24 Agamar
7%
Star Wars: The Bad Batch 25 Barton IV
7%
Star Wars: The Clone Wars 11 Bothawui
7%
Star Wars: The Bad Batch 36 Erebus
7%
Star Wars: The Bad Batch 23 Ipsidon
7%
Star Wars: The Clone Wars 50 Kiros
7%
Star Wars: Rebels 29 Krownest
7%
Star Wars: The Clone Wars 15 Maridun
7%
Star Wars: Rebels 25 Mykapo
7%
The Mandalorian 19 Plazir-15
7%
Star Wars: The Clone Wars 3 Ruusan
7%
Andor 9 Segra Milo
7%
The Mandalorian 5 Sorgan
7%
Star Wars: Rebels 26 Wynkahthu
7%
Star Wars: Ahsoka 1 Arcana
5%
Star Wars: The Bad Batch 17 Aynaboni
5%
Star Wars: The Clone Wars 67 Bardotta
5%
Star Wars: The Clone Wars 2 Bith
5%
Star Wars: The Bad Batch 12 Bora Vio
5%
Star Wars: The Bad Batch 35 Caraad
5%
Star Wars: Resistance 1 Castilon
5%
Star Wars: The Bad Batch 15 Daro
5%
Andor 6 Frezno
5%
The Mandalorian 11 Karthon
5%
Star Wars: The Bad Batch 31 Lau
5%
The Mandalorian 7 Maldo Kreis
5%
The Mandalorian 12 Morak
5%
Star Wars: Rebels 21 Naraka
5%
Star Wars: Rebels 8 Nixus
5%
Star Wars: The Bad Batch 7 Ordo Moon
5%
Star Wars: The Clone Wars 8 Vassek
5%
Star Wars: The Bad Batch 34 Veelo
5%
Star Wars: The Clone Wars 44 Wasskah
5%
Star Wars: Rebels 22 Yarma
5%
The Mandalorian 18 Adelphi
4%
Star Wars: Resistance 10 Aeos Prime
4%
Star Wars: Rebels 16 Bahryn
4%
Star Wars: The Bad Batch 27 Balmorra
4%
Star Wars: Resistance 7 Drahgor III
4%
Star Wars: Rebels 9 Ibaar
4%
Star Wars: Rebels 34 Jalindi
4%
The Mandalorian 13 Lafete
4%
Star Wars: Rebels 17 Oosalon
4%
Star Wars: The Clone Wars 54 Orondia
4%
The Mandalorian 1 Pagodon
4%
Star Wars: The Clone Wars 55 Quarzite
4%
Star Wars: The Bad Batch 21 Serolonis
4%
Star Wars: The Bad Batch 30 Setron
4%
Star Wars: The Bad Batch 24 Silla
4%
Star Wars: The Bad Batch 22 Skara Nal
4%
Star Wars: Rebels 11 Takobo
4%
Star Wars: Resistance 8 Ashas Ree
2%
Star Wars: The Clone Wars 63 Carida
2%
Star Wars: Resistance 6 Celsor 3
2%
Star Wars: The Bad Batch 20 Desix
2%
The Book of Boba Fett 4 Glavis Ringworld
2%
Star Wars: Rebels 31 Killun 71
2%
Star Wars: The Clone Wars 47 Patitite Pattuna
2%
Star Wars: The Clone Wars 40 Rattatak
2%
Star Wars: Rebels 10 Shantipole
2%
Star Wars: The Clone Wars 56 Stobar
2%
Star Wars: The Bad Batch 33 Suria
2%
Star Wars: Resistance 9 Varkana
2%
Star Wars: The Clone Wars 64 Zanbar
2%
The Mandalorian 3 Aq Vetina
0%
Star Wars: The Clone Wars 20 Milius Prime
0%
Star Wars: Rebels 23 Montross
0%
Star Wars: Resistance 3 Najra-Va
0%
Star Wars: The Clone Wars 68 Zardossa Stix
0%
No matching quizzes found
Score Distribution
Percent of People with Each Score
Percentile by Number Answered
Your Score History
You have not taken this quiz